000 00628nam a22002417a 4500
003 UA-OsUOA
001 85689
007 ta
008 20120710b un ||||| |||| 00| 0 ukr d
100 _aЛісовий В.
090 _a323(477)
_bЛ67
942 _cBK
040 _aUA-OsUOA
_bukr
_cUA-OsUOA
_dUA-OsUOA
245 _aУ багатоголоссі політичних дискусій
_bСтатті та інтерв'ю
300 _a239 с.
955 _a2
041 _aukr
080 _a323(477)
020 _a978-966-518-
260 _aК.
_c2007
650 7 _a32 Політика
_2UDC
999 _c371984
_d371984